00378cam a22001217a 4500008004000000082001500040245008900055260002200144300001000166500001300176650004500189700002200234180718b1959 xxu||||| |||| 00| 0 eng d aK83x54 K95 aHow to dismiss your employees in industrial undertakingscedited by Ram Krishna Kuba aDelhibKubac1959 a145p. aRs.15.00 aPersonnel management - Dismissal - India aKuba, Ram Krishna